000 00431nam a2200169Ia 4500
003 GCL
008 140319s9999 xx 000 0 eng d
040 _aGCL /
_cGCL
082 0 4 _a909.09749270828
_bD A
100 1 _aDAWISHA, ADEED
245 1 0 _aThe Arab Rodicals /
_cDAWISHA, ADEED
260 _a[S.N] :
_bCOUNCIL ON FOREIGN
300 _a171
650 0 4 _aARABIC COUNTRIES
650 0 4 _aPOLICY - GOVERNMENT
942 _2ddc
_cBK
999 _c16862
_d16862